What are all of deku's quirks called? (My hero Academia) - Statistics

General Stats
  • This quiz has been taken 194 times
  • The average score is 6 of 8
Answer Stats
Hint Answer % Correct
Quirk #1 One For All
95%
Quirk #2 Blackwhip
94%
Quirk #3 Float
82%
Quirk #4 Danger Sense
76%
Quirk #6 Fa Jin
74%
Quirk #7 Gearshift
72%
Quirk #5 Smokescreen
70%
Original Quirk Quirkless
56%
No matching quizzes found
Score Distribution
Percent of People with Each Score
Percentile by Number Answered
Your Score History
You have not taken this quiz